000 00763nam a2200253 i 4500
001 77596
003 ES-MaACL
005 20230906173306.0
007 t|
008 041025s2003 sp ||||1| spa d
020 _a84-96136-15-9
080 _a821.112.2-31"19"
100 1 _aTucholsky, Kurt.
_9111625
245 1 0 _aEntre el ayer y el mañana /
_cKurt Tucholsky ; edición de Mary Gerold-Tucholsky ; traducción de J. Jané.
250 _a1ª ed.
260 _aBarcelona :
_bEl Acantilado,
_c2003.
300 _a320 p. ;
_c21 cm.
490 1 _aAcantilado ;
_v79
700 1 _aGerold-Tucholsky, Mary.
_956486
700 1 _aJané, J.
_966000
830 0 _aAcantilado ;
_v79
_9182222
852 _aES-MaACL
_jL-28343
_bR.134248
999 _c77596
_d77596